Transform your church with ministry teams / (Record no. 2160)

MARC details
000 -LEADER
fixed length control field 00939cam a22002774a 4500
001 - CONTROL NUMBER
control field 13550504
003 - CONTROL NUMBER IDENTIFIER
control field GBCCL
005 - DATE AND TIME OF LATEST TRANSACTION
control field 20241126110420.0
008 - FIXED-LENGTH DATA ELEMENTS--GENERAL INFORMATION
fixed length control field 040407s2004 miu b 000 0 eng
010 ## -
-- 2004047167
020 ## - INTERNATIONAL STANDARD BOOK NUMBER
International Standard Book Number 0802822339 (pbk. : alk. paper)
040 ## - CATALOGING SOURCE
Original cataloging agency DLC
Transcribing agency DLC
Modifying agency DLC
042 ## -
-- pcc
050 00 -
-- BV600.3
-- .O75 2004
082 00 - DEWEY DECIMAL CLASSIFICATION NUMBER
Classification number 253.7
Edition information 22
Item number OTT
100 1# - MAIN ENTRY--PERSONAL NAME
Personal name Ott, E. Stanley,
Dates associated with a name 1948-
9 (RLIN) 4418
245 10 - TITLE STATEMENT
Title Transform your church with ministry teams /
Statement of responsibility, etc. E. Stanley Ott.
260 ## - PUBLICATION, DISTRIBUTION, ETC.
Place of publication, distribution, etc. Grand Rapids, Mich. :
Name of publisher, distributor, etc. William B. Eerdmans Pub.,
Date of publication, distribution, etc. c2004.
300 ## - PHYSICAL DESCRIPTION
Extent xi, 195 p. ;
Dimensions 23 cm.
504 ## - BIBLIOGRAPHY, ETC. NOTE
Bibliography, etc. note Includes bibliographical references (p. 188-195).
650 #0 - SUBJECT ADDED ENTRY--TOPICAL TERM
Topical term or geographic name entry element Church renewal.
9 (RLIN) 963
650 #0 - SUBJECT ADDED ENTRY--TOPICAL TERM
Topical term or geographic name entry element Group ministry.
9 (RLIN) 4373
906 ## - LOCAL DATA ELEMENT F, LDF (RLIN)
a 7
b cbc
c orignew
d 1
e ocip
f 20
g y-gencatlg
942 ## - ADDED ENTRY ELEMENTS (KOHA)
Source of classification or shelving scheme Dewey Decimal Classification
Koha item type Books
Holdings
Withdrawn status Lost status Source of classification or shelving scheme Damaged status Not for loan Home library Current Library Shelving location Date acquired Total checkouts Full call number Barcode Date last seen Copy number Price effective from Koha item type
    Dewey Decimal Classification     GRACE BIBLE COLLEGE GRACE BIBLE COLLEGE Ministry & Mission 2017-07-10   253.7 OTT 010564 2025-05-01 c.1 2017-07-10 Books
    Dewey Decimal Classification     GRACE BIBLE COLLEGE GRACE BIBLE COLLEGE Ministry & Mission 2017-07-10   253.7 OTT 010565 2025-05-01 c.2 2017-07-10 Books
© Grace Bible College Library 2025